[Event "Vienna State-chC"]
[Site "Vienna"]
[Date "2022.09.19"]
[Round "3"]
[White "Schrimpf, Michael"]
[Black "Giefing, Josef"]
[Result "1/2-1/2"]
[WhiteElo "1132"]
[BlackElo "1771"]
[PlyCount "128"]
[EventDate "2022.09.17"]
[EventType "swiss"]
[EventRounds "9"]
[EventCountry "AUT"]
[SourceTitle "CBM 210 Extra"]
[Source "ChessBase"]
[SourceDate "2022.11.30"]
[SourceVersion "1"]
[SourceVersionDate "2022.11.30"]
[SourceQuality "1"]

1. c4 Nf6 2. Nc3 g6 3. g3 Bg7 4. Bg2 0-0 5. e4 e5 6. d3 d6 7. Nge2 c6 8. 0-0 a5 9. Be3 Na6 10. a3 Bd7 11. Qd2 Ng4 12. Rac1 Nxe3 13. Qxe3 Nc5 14. b4 axb4 15. axb4 Nb3 16. Rb1 Nd4 17. Qd2 h5 18. Nxd4 exd4 19. Ne2 h4 20. Nf4 g5 21. Nh5 h3 22. Bh1 Bh6 23. f4 g4 24. Qb2 f6 25. f5 Be3+ 26. Rf2 Ra7 27. Nf4 Qa8 28. Kf1 Bxf2 29. Qxf2 Ra2 30. Ne2 Rd2 31. Qxd4 Rxe2 32. Kxe2 Qa2+ 33. Qb2 Ra8 34. Qxa2 Rxa2+ 35. Ke3 Rxh2 36. Kf4 Rd2 37. Kxg4 Rxd3 38. Kxh3 Rc3 39. Rd1 d5 40. cxd5 cxd5 41. Rxd5 Bc6 42. Rd6 Kf7 43. Rd4 Rb3 44. Bg2 Re3 45. Kg4 Re2 46. Bf3 Re1 47. Kf4 Ke7 48. g4 Rf1 49. Rd1 Rf2 50. Rg1 Rb2 51. g5 fxg5+ 52. Rxg5 Rxb4 53. Rg7+ Kf8 54. Rc7 Rb3 55. Bh5 Rb4 56. Rf7+ Kg8 57. Re7 Kf8 58. Re5 Kg7 59. Be8 Bxe8 60. Rxe8 Kf6 61. Rd8 b5 62. Rd6+ Ke7 63. Ke5 Rxe4+ 64. Kxe4 Kxd6 1/2-1/2

[Event "Vienna op-B 14th"]
[Site "Vienna"]
[Date "2003.08.16"]
[Round "1"]
[White "Giefing, Josef"]
[Black "Kowarsch, Peter"]
[Result "1/2-1/2"]
[WhiteElo "1848"]
[BlackElo "1685"]
[PlyCount "40"]
[EventDate "2003.08.16"]
[EventType "swiss"]
[EventRounds "9"]
[EventCountry "AUT"]
[SourceTitle "CBM 095 Extra"]
[Source "ChessBase"]
[SourceDate "2003.09.04"]
[SourceVersion "1"]
[SourceVersionDate "2003.09.04"]
[SourceQuality "1"]

1. d4 f5 2. Nf3 d6 3. Nc3 Nf6 4. Bg5 Nbd7 5. h4 h6 6. Bf4 g6 7. Qd3 Nb6 8. 0-0-0 Bg7 9. Rd2 Be6 10. e4 fxe4 11. Nxe4 Bf5 12. Nxf6+ Bxf6 13. Qb3 Qd7 14. Bd3 0-0-0 15. Bb5 c6 16. Bd3 Nd5 17. Bg3 g5 18. c4 Nf4 19. Bxf4 gxf4 20. c5 Bg4 1/2-1/2